[Event "CAN-ch University"]
[Site "Kingston CAN"]
[Date "2016.01.10"]
[Round "5"]
[White "Yao, Houji"]
[Black "Trottier, Emile"]
[Result "1-0"]
[WhiteElo "1860"]
[BlackElo "2084"]
[PlyCount "71"]
[EventDate "2016.01.09"]
[EventType "team"]
[EventRounds "5"]
[EventCountry "CAN"]

1. e4 e6 2. d4 d5 3. Nd2 Nf6 4. e5 Nfd7 5. Bd3 c5 6. c3 Nc6 7. Ne2 Qb6 8. Nf3
Be7 9. O-O O-O 10. Re1 Rb8 11. Bc2 f6 12. exf6 Bxf6 13. Nf4 cxd4 14. Qd3 g6 15.
Nxg6 Kg7 16. Nxf8 Nxf8 17. Nxd4 e5 18. Nf5+ Bxf5 19. Qxf5 Ne7 20. Qg4+ Nfg6 21.
Bb3 h5 22. Qh3 Rf8 23. Qxh5 Rh8 24. Qe2 Qd6 25. h3 e4 26. c4 Ne5 27. Bf4 N7g6
28. Bg3 Bh4 29. cxd5 Bxg3 30. fxg3 Nf3+ 31. Kf2 Ng5 32. Qe3 Qf6+ 33. Kg1 Nxh3+
34. gxh3 Rxh3 35. Kg2 Nf4+ 36. Qxf4 1-0

[Event "CAN-ch w"]
[Site "Ottawa CAN"]
[Date "2016.09.24"]
[Round "5"]
[White "Tan, Kylie"]
[Black "Khoudgarian, Natalia"]
[Result "0-1"]
[WhiteElo "1671"]
[BlackElo "2263"]
[PlyCount "82"]
[EventDate "2016.09.22"]
[EventType "tourn"]
[EventRounds "7"]
[EventCountry "CAN"]

1. e4 e6 2. f4 d5 3. e5 c5 4. Nf3 Nc6 5. Bb5 Nge7 6. Nc3 Nf5 7. Bxc6+ bxc6 8.
O-O h5 9. d3 Ba6 10. Kh1 h4 11. Qe1 Be7 12. Qf2 Ng3+ 13. Kg1 Nxf1 14. Qxf1 Rb8
15. Qf2 Qa5 16. Bd2 c4 17. d4 Qc7 18. Rb1 c5 19. Be3 cxd4 20. Nxd4 Rb7 21. h3
O-O 22. Nf3 Rfb8 23. Nd1 Qa5 24. a3 c3 25. b3 Qxa3 26. Nxc3 Rc8 27. Na4 Bb5 28.
Qe1 Bxa4 29. Ra1 Qb4 30. Rxa4 Qxe1+ 31. Nxe1 Bb4 32. Nd3 a5 33. Ra2 Rbc7 34.
Nxb4 axb4 35. Ra4 Rxc2 36. Rxb4 Re2 37. Bf2 Rc1+ 38. Kh2 Rxf2 39. Rb8+ Kh7 40.
Rb4 Rff1 41. g4 Rc2# 0-1

[Event "CAN-op"]
[Site "Windsor CAN"]
[Date "2016.07.10"]
[Round "1.2"]
[White "Karlow, Nick"]
[Black "Cherniaev, Alexander"]
[Result "0-1"]
[WhiteElo "2104"]
[BlackElo "2451"]
[PlyCount "74"]
[EventDate "2016.07.10"]
[EventType "swiss"]
[EventRounds "9"]
[EventCountry "CAN"]

1. d4 Nf6 2. c3 d6 3. Nf3 Nbd7 4. Bf4 Nh5 5. Bg5 h6 6. Bc1 Nhf6 7. g3 e5 8. Bg2
e4 9. Nfd2 d5 10. O-O Bd6 11. Re1 Ng4 12. Nf1 f5 13. c4 dxc4 14. f3 Ngf6 15.
Nbd2 Nb6 16. Nxc4 Nxc4 17. Qa4+ Bd7 18. Qxc4 Qe7 19. Bf4 Qf7 20. Qxf7+ Kxf7 21.
Bxd6 cxd6 22. fxe4 fxe4 23. Ne3 d5 24. Rf1 Be6 25. Rf4 Rac8 26. Raf1 Rc6 27. g4
Kg6 28. h4 Rhc8 29. Bh3 Rb6 30. Nf5 Bxf5 31. Rxf5 Rc2 32. g5 hxg5 33. hxg5 Nh5
34. Rxd5 Ng3 35. Rf2 Rbxb2 36. Rd6+ Kh5 37. Rg2 Nxe2+ 0-1

[Event "CAN-op"]
[Site "Windsor CAN"]
[Date "2016.07.10"]
[Round "1.9"]
[White "Plotkin, Victor"]
[Black "Beider, Andrew"]
[Result "1-0"]
[WhiteElo "2309"]
[BlackElo "2031"]
[PlyCount "75"]
[EventDate "2016.07.10"]
[EventType "swiss"]
[EventRounds "9"]
[EventCountry "CAN"]

1. e4 c5 2. c3 d5 3. exd5 Qxd5 4. d4 e6 5. Nf3 Nf6 6. Bd3 a6 7. O-O Be7 8. Be3
Nbd7 9. Qe2 O-O 10. Rd1 Qc6 11. Nbd2 b5 12. a4 c4 13. Bc2 Bb7 14. Nf1 Rfe8 15.
Ng3 Nb6 16. a5 Nbd7 17. Ne1 Rad8 18. f4 g6 19. Nf3 Qc7 20. Rf1 Bxf3 21. Qxf3
Bd6 22. Bd2 Kg7 23. Ne2 Rf8 24. g4 Ng8 25. Rf2 Nb8 26. f5 exf5 27. gxf5 Nd7 28.
Bg5 f6 29. Nf4 Bxf4 30. Bxf4 Qc8 31. fxg6 h6 32. Be4 Nb8 33. Re1 Qd7 34. Rfe2
Kh8 35. Qh5 Qg7 36. Bd5 Nd7 37. Re7 Nxe7 38. Rxe7 1-0

[Event "CAN-op"]
[Site "Windsor CAN"]
[Date "2016.07.10"]
[Round "1.11"]
[White "Peredun, Andrew"]
[Black "Chehayeb, Salah"]
[Result "1-0"]
[WhiteElo "2423"]
[BlackElo "2015"]
[PlyCount "81"]
[EventDate "2016.07.10"]
[EventType "swiss"]
[EventRounds "9"]
[EventCountry "CAN"]

1. d4 c5 2. d5 Nf6 3. c4 g6 4. f3 d6 5. e4 Bg7 6. Ne2 b5 7. cxb5 a6 8. Nec3 O-O
9. b6 Qxb6 10. Na3 Nbd7 11. Be2 Rb8 12. O-O Qa7 13. Qc2 Nb6 14. Rd1 Bd7 15. Be3
Rfc8 16. Rac1 Be8 17. f4 Qb7 18. Bf3 Nbd7 19. b3 Qb4 20. Nc4 h5 21. e5 dxe5 22.
fxe5 Ng4 23. Bxg4 hxg4 24. Bf4 f6 25. exf6 Bxf6 26. Bxb8 Qxb8 27. d6 Bd4+ 28.
Rxd4 cxd4 29. Nd5 Rc5 30. Nxe7+ Kh7 31. Qe4 Bf7 32. Rf1 Qe8 33. Qxd4 Rh5 34.
Qxg4 Bxc4 35. Qxc4 Ne5 36. Qe6 Qb8 37. Nd5 Qa7+ 38. Kh1 Kh6 39. Qe7 Qd4 40.
Qf8+ Kg5 41. Nf4 1-0

[Event "CAN-op"]
[Site "Windsor CAN"]
[Date "2016.07.10"]
[Round "1.15"]
[White "Humphreys, Michael"]
[Black "Virkud, Apurva"]
[Result "1-0"]
[WhiteElo "2341"]
[BlackElo "2153"]
[PlyCount "85"]
[EventDate "2016.07.10"]
[EventType "swiss"]
[EventRounds "9"]
[EventCountry "CAN"]

1. Nf3 d5 2. g3 e6 3. Bg2 Nf6 4. O-O Be7 5. c4 dxc4 6. Qa4+ Nbd7 7. Qxc4 O-O 8.
d4 Nb6 9. Qc2 Nbd5 10. a3 b5 11. Nbd2 Bb7 12. Ne5 a5 13. Nb3 a4 14. Nc5 Bxc5
15. Qxc5 Qd6 16. Bg5 Rab8 17. Rfc1 Qxc5 18. Rxc5 c6 19. Bxd5 exd5 20. Bxf6 gxf6
21. Nd7 Rfd8 22. Nxb8 Rxb8 23. Rb1 Re8 24. e3 Re6 25. b3 axb3 26. Rxb3 Ba6 27.
Rbc3 Bb7 28. Rc1 Kg7 29. a4 Ba6 30. a5 Bb7 31. a6 Ba8 32. Kf1 Re7 33. Ke2 Kg6
34. Kd2 Kf5 35. Rxc6 Bxc6 36. Rxc6 Ra7 37. Kc3 Ra8 38. Kb4 Rb8 39. a7 Ra8 40.
Rc7 Ke6 41. Kxb5 Rf8 42. Rb7 Ra8 43. Kb6 1-0

[Event "CAN-op"]
[Site "Windsor CAN"]
[Date "2016.07.10"]
[Round "1.17"]
[White "Chaichi, Navid"]
[Black "Daniluk, Jim"]
[Result "1-0"]
[WhiteElo "2221"]
[BlackElo "1963"]
[PlyCount "65"]
[EventDate "2016.07.10"]
[EventType "swiss"]
[EventRounds "9"]
[EventCountry "CAN"]

1. e4 c5 2. Nf3 Nc6 3. d4 cxd4 4. Nxd4 Nf6 5. Nc3 e5 6. Ndb5 d6 7. Bg5 a6 8.
Bxf6 gxf6 9. Na3 b5 10. Nd5 f5 11. g3 fxe4 12. Bg2 Bg7 13. Bxe4 Be6 14. Ne3 Rc8
15. O-O h5 16. Nf5 Bxf5 17. Bxf5 Rc7 18. c3 Qf6 19. Qd3 Ne7 20. Bh3 h4 21. Bg2
d5 22. Nc2 e4 23. Qe2 hxg3 24. hxg3 Qh6 25. Rfd1 Rc6 26. Ne3 Qh2+ 27. Kf1 Rch6
28. Ng4 Qh5 29. Nxh6 Qxh6 30. a4 Qc6 31. axb5 axb5 32. Ra5 b4 33. c4 1-0

[Event "CAN-op"]
[Site "Windsor CAN"]
[Date "2016.07.10"]
[Round "1.18"]
[White "Chernik, Dmitry"]
[Black "Doknjas, John"]
[Result "0-1"]
[WhiteElo "2096"]
[BlackElo "2220"]
[PlyCount "72"]
[EventDate "2016.07.10"]
[EventType "swiss"]
[EventRounds "9"]
[EventCountry "CAN"]

1. e4 c5 2. Nc3 a6 3. f4 b5 4. Nf3 Bb7 5. d3 e6 6. g3 d5 7. e5 h5 8. Bg2 Nh6 9.
Qe2 Be7 10. Bd2 Nc6 11. Nd1 Qb6 12. c3 b4 13. Ne3 a5 14. c4 Nd4 15. Nxd4 cxd4
16. Nd1 dxc4 17. Bxb7 Qxb7 18. O-O c3 19. bxc3 dxc3 20. Nxc3 bxc3 21. Bxc3 Nf5
22. d4 O-O 23. Rab1 Qa7 24. Qxh5 Nxd4 25. Bxd4 Qxd4+ 26. Kg2 Qd5+ 27. Kh3 g6
28. Qh6 Rfb8 29. Rbd1 Qxa2 30. Rd7 Rb2 31. Rh1 Bf8 32. Qg5 Bg7 33. Qe7 Rf8 34.
Qc5 Qa4 35. Rd4 Qb3 36. Qxa5 Qf3 0-1

[Event "CAN-op"]
[Site "Windsor CAN"]
[Date "2016.07.10"]
[Round "1.20"]
[White "Fan, Run Kun"]
[Black "Doknjas, Joshua"]
[Result "0-1"]
[WhiteElo "2074"]
[BlackElo "2204"]
[PlyCount "86"]
[EventDate "2016.07.10"]
[EventType "swiss"]
[EventRounds "9"]
[EventCountry "CAN"]

1. c4 c5 2. Nf3 Nc6 3. Nc3 e5 4. g3 g6 5. Bg2 Bg7 6. O-O d6 7. Rb1 Nge7 8. a3
a5 9. d3 O-O 10. e4 f5 11. Bg5 f4 12. Bxe7 Nxe7 13. Ne1 Be6 14. Nc2 Qd7 15. b4
axb4 16. axb4 b6 17. f3 h5 18. Qe2 g5 19. Ra1 g4 20. b5 Ng6 21. Ra6 Rab8 22.
Nd5 Qd8 23. Na3 Rf7 24. Nb1 Bc8 25. Ra2 Qg5 26. Qf2 fxg3 27. hxg3 gxf3 28. Bxf3
Bh3 29. Re1 Nh4 30. Re3 Nxf3+ 31. Rxf3 Rxf3 32. Qxf3 Be6 33. Nbc3 h4 34. Rg2 h3
35. Rf2 Rf8 36. Qe3 Qd8 37. Rxf8+ Bxf8 38. Qf3 Bg7 39. Nd1 Bxd5 40. exd5 Qg5
41. Nf2 Qc1+ 42. Kh2 Qf1 43. g4 e4 0-1

[Event "CAN-op"]
[Site "Windsor CAN"]
[Date "2016.07.10"]
[Round "1.22"]
[White "Beider, Andrew"]
[Black "Gaisinsky, Adam"]
[Result "1/2-1/2"]
[WhiteElo "2069"]
[BlackElo "1994"]
[PlyCount "77"]
[EventDate "2016.07.10"]
[EventType "swiss"]
[EventRounds "9"]
[EventCountry "CAN"]

1. d4 Nf6 2. c4 e6 3. Nf3 b6 4. e3 Bb7 5. Be2 Be7 6. Nc3 d5 7. O-O O-O 8. b3
Nbd7 9. Bb2 c5 10. Qc2 Rc8 11. Rad1 cxd4 12. Nxd4 Bc5 13. Bf3 Ba6 14. Ndb5 Bb4
15. Be2 Bxc3 16. Nxc3 dxc4 17. bxc4 Bxc4 18. Rd4 Bxe2 19. Qxe2 Qe7 20. Rfd1 Nc5
21. Ba3 e5 22. Nd5 Qe6 23. Nxf6+ Qxf6 24. Rc4 Rfd8 25. Rdc1 Qe6 26. Qc2 Qd5 27.
h3 f6 28. Bxc5 Rxc5 29. Rxc5 bxc5 30. Qa4 Rc8 31. Qxa7 c4 32. Qa3 Qd2 33. Ra1
c3 34. Qc1 Rc4 35. Qd1 Rc8 36. a4 Rd8 37. Qxd2 Rxd2 38. Kf1 Rb2 39. Rc1 1/2-1/2

[Event "CAN-op"]
[Site "Windsor CAN"]
[Date "2016.07.10"]
[Round "1.22"]
[White "Sivapathasundaram, Manojh"]
[Black "Kiraly, Istvan"]
[Result "0-1"]
[WhiteElo "1985"]
[BlackElo "2245"]
[PlyCount "74"]
[EventDate "2016.07.10"]
[EventType "swiss"]
[EventRounds "9"]
[EventCountry "CAN"]

1. d4 Nf6 2. c4 g6 3. f3 d5 4. cxd5 Nxd5 5. e4 Nb6 6. Nc3 Bg7 7. Be3 O-O 8. Qd2
Nc6 9. O-O-O a5 10. h4 a4 11. h5 Na5 12. Bh6 Nbc4 13. Qf4 Qd6 14. hxg6 fxg6 15.
Qxd6 Bxh6+ 16. Rxh6 cxd6 17. Nxa4 b5 18. Nc3 Kg7 19. Rh2 b4 20. Nd5 e6 21. Nxb4
Nb3+ 22. Kb1 Ne3 23. axb3 Nxd1 24. Nc2 Nf2 25. Be2 Ba6 26. Ne1 Bxe2 27. Nxe2
Nxe4 28. fxe4 Rf1 29. Nc3 Rxe1+ 30. Kc2 Rb8 31. Rh4 g5 32. Rh2 Kg6 33. g3 Re3
34. Rg2 h5 35. Kd2 Rf3 36. Kc2 g4 37. d5 e5 0-1

[Event "CAN-op"]
[Site "Windsor CAN"]
[Date "2016.07.10"]
[Round "1.23"]
[White "D'Amore, Tyler"]
[Black "MacDonald, Jonathan"]
[Result "1-0"]
[WhiteElo "1946"]
[BlackElo "2049"]
[PlyCount "139"]
[EventDate "2016.07.10"]
[EventType "swiss"]
[EventRounds "9"]
[EventCountry "CAN"]

1. e4 c5 2. Nf3 a6 3. g3 e6 4. d3 d5 5. Nbd2 Nc6 6. Bg2 f5 7. exf5 exf5 8. O-O
Bd6 9. Re1+ Nge7 10. Ng5 O-O 11. Ne6 Bxe6 12. Rxe6 Qd7 13. Re1 f4 14. Nf3 Qf5
15. c3 fxg3 16. fxg3 Rae8 17. Be3 Ng6 18. Qd2 Qg4 19. Bf2 h6 20. Rxe8 Rxe8 21.
Re1 Rf8 22. Qe2 Rf6 23. Nh4 Qxe2 24. Bxd5+ Kh7 25. Rxe2 Nge5 26. Kg2 g5 27. Nf3
Kg7 28. Nxe5 Nxe5 29. d4 Nd3 30. dxc5 Bxc5 31. Bxc5 Nxc5 32. Re7+ Kf8 33. Rc7
b6 34. Rc6 Rxc6 35. Bxc6 Ke7 36. b4 Nd3 37. Bb7 a5 38. bxa5 bxa5 39. a4 Kd6 40.
Ba6 Nb2 41. Bb5 Kc5 42. Kf3 Nd1 43. c4 Nb2 44. Kg4 Nxc4 45. Kh5 Nd6 46. Bd7 Nf7
47. Be6 Ne5 48. Kxh6 g4 49. Kg5 Nf3+ 50. Kxg4 Nxh2+ 51. Kf5 Kd6 52. Bb3 Nf3 53.
Bd1 Ne5 54. g4 Nc4 55. Kf6 Ne5 56. g5 Nd7+ 57. Kg7 Ke7 58. g6 Nf6 59. Kh8 Ke8
60. g7 Kf7 61. Bb3+ Ke7 62. g8=Q Nxg8 63. Kxg8 Kf6 64. Kf8 Ke5 65. Ke7 Kd4 66.
Kd6 Kc3 67. Bd1 Kd2 68. Bh5 Kc3 69. Kc5 Kb3 70. Be8 1-0

[Event "CAN-op"]
[Site "Windsor CAN"]
[Date "2016.07.11"]
[Round "2.2"]
[White "Cherniaev, Alexander"]
[Black "Humphreys, Michael"]
[Result "1-0"]
[WhiteElo "2451"]
[BlackElo "2206"]
[PlyCount "81"]
[EventDate "2016.07.10"]
[EventType "swiss"]
[EventRounds "9"]
[EventCountry "CAN"]

1. d4 Nf6 2. Bg5 Ne4 3. Bf4 Nc6 4. Nf3 e6 5. Nbd2 d5 6. h3 Bd6 7. Bxd6 Qxd6 8.
e3 O-O 9. c4 f5 10. c5 Qe7 11. Bb5 f4 12. exf4 Rxf4 13. Bxc6 bxc6 14. O-O Ba6
15. Re1 Raf8 16. Re3 e5 17. Nxe4 exd4 18. Qxd4 dxe4 19. Rae1 Qf7 20. Rxe4 Rxe4
21. Rxe4 Qxa2 22. Re7 Qb1+ 23. Kh2 Qg6 24. Rxc7 Bf1 25. Nh4 Qf6 26. Qxf6 Rxf6
27. Kg1 Bb5 28. Rxa7 Rf4 29. g4 h5 30. Kg2 hxg4 31. Kg3 Rc4 32. hxg4 Rxc5 33.
Nf5 Rc2 34. Nxg7 Rxb2 35. f4 Rb3+ 36. Kh4 Be2 37. Nh5 c5 38. Kg5 Kf8 39. Nf6
Bc4 40. Kg6 Rb6 41. Rc7 1-0

[Event "CAN-op"]
[Site "Windsor CAN"]
[Date "2016.07.11"]
[Round "2.11"]
[White "Zhang, Henry"]
[Black "Antal, Gergely"]
[Result "0-1"]
[WhiteElo "2096"]
[BlackElo "2522"]
[PlyCount "66"]
[EventDate "2016.07.10"]
[EventType "swiss"]
[EventRounds "9"]
[EventCountry "CAN"]

1. e4 d5 2. exd5 Qxd5 3. Nc3 Qa5 4. d4 Nf6 5. Nf3 Bf5 6. Bc4 e6 7. O-O c6 8.
Re1 Be7 9. h3 O-O 10. Bf4 Nd5 11. Nxd5 cxd5 12. Bd3 Bxd3 13. Qxd3 Nc6 14. c3 b5
15. a3 Qb6 16. Ne5 Rfc8 17. Qg3 Qd8 18. Nxc6 Rxc6 19. Be5 Bf8 20. Qd3 Rc4 21.
Rec1 Rac8 22. Bg3 Qb6 23. Rab1 a5 24. b3 R4c6 25. a4 b4 26. c4 Qa6 27. Rc2 dxc4
28. bxc4 Rxc4 29. Rbc1 Rxc2 30. Qxa6 Rxc1+ 31. Kh2 b3 32. Qb5 Bb4 33. Qe2 Ba3
0-1

[Event "CAN-op"]
[Site "Windsor CAN"]
[Date "2016.07.11"]
[Round "2.13"]
[White "Agbabishvili, Lali"]
[Black "Teh, Aron"]
[Result "1-0"]
[WhiteElo "2162"]
[BlackElo "2328"]
[PlyCount "113"]
[EventDate "2016.07.10"]
[EventType "swiss"]
[EventRounds "9"]
[EventCountry "CAN"]

1. Nf3 Nf6 2. g3 d5 3. Bg2 e6 4. O-O Be7 5. d3 O-O 6. Nbd2 c5 7. e4 d4 8. a4
Nc6 9. Nc4 b6 10. Nfe5 Nxe5 11. Nxe5 Bb7 12. f4 Nd7 13. Nxd7 Qxd7 14. b3 a6 15.
Qe2 b5 16. f5 Kh8 17. axb5 axb5 18. Rxa8 Bxa8 19. Bh3 exf5 20. Rxf5 Qc6 21. Qf1
Kg8 22. Bg2 Bb7 23. e5 Qxg2+ 24. Qxg2 Bxg2 25. Kxg2 Re8 26. Rf2 Bd8 27. Re2 Kf8
28. Kf3 Ke7 29. Ke4 Ke6 30. g4 Bc7 31. b4 Bb6 32. bxc5 Bxc5 33. Bb2 Rd8 34. c3
dxc3 35. Bxc3 Ba3 36. d4 b4 37. Bb2 Rd5 38. Rc2 Rb5 39. Bxa3 bxa3 40. Rc6+ Kd7
41. Ra6 Rb3 42. Ra7+ Kc6 43. Rxf7 Kb6 44. Rf1 a2 45. Ra1 Ra3 46. Kd5 Kc7 47.
Ke6 Kd8 48. d5 Ke8 49. d6 Ra5 50. h4 Ra7 51. h5 Ra6 52. h6 g6 53. Kf6 Kf8 54.
e6 Ra5 55. e7+ Ke8 56. d7+ Kxd7 57. Rd1+ 1-0

[Event "CAN-op"]
[Site "Windsor CAN"]
[Date "2016.07.11"]
[Round "2.16"]
[White "Ruelland, Geoffrey"]
[Black "Holliman, Robert"]
[Result "1/2-1/2"]
[WhiteElo "2106"]
[BlackElo "2050"]
[PlyCount "82"]
[EventDate "2016.07.10"]
[EventType "swiss"]
[EventRounds "9"]
[EventCountry "CAN"]

1. e4 e6 2. d4 d5 3. Nc3 Bb4 4. e5 c5 5. Bd2 cxd4 6. Nb5 Bc5 7. Qg4 Kf8 8. Nf3
Nc6 9. Nbxd4 Bxd4 10. Nxd4 Nxe5 11. Qg3 Ng6 12. Bd3 N8e7 13. h4 Nf5 14. Nxf5
exf5 15. O-O-O Be6 16. h5 Ne7 17. Bc3 Rg8 18. Qf4 Rc8 19. Bb4 Qb6 20. Bxf5 Rc4
21. Bxe7+ Kxe7 22. Qf3 h6 23. Rhe1 d4 24. Re5 Rgc8 25. Rde1 R8c6 26. Qa3+ Ke8
27. f4 R4c5 28. Be4 Rxe5 29. Bxc6+ Qxc6 30. Rxe5 Qxg2 31. Qa4+ Kf8 32. Qxd4 Kg8
33. f5 Qf1+ 34. Kd2 Bxf5 35. b3 Qg2+ 36. Re2 Qg5+ 37. Kc3 Qxh5 38. Re8+ Kh7 39.
Kb2 Qh2 40. Qc5 Be6 41. Rd8 a6 1/2-1/2

[Event "CAN-op"]
[Site "Windsor CAN"]
[Date "2016.07.11"]
[Round "2.17"]
[White "Virkud, Apurva"]
[Black "Karlow, Nick"]
[Result "1/2-1/2"]
[WhiteElo "2153"]
[BlackElo "2053"]
[PlyCount "115"]
[EventDate "2016.07.10"]
[EventType "swiss"]
[EventRounds "9"]
[EventCountry "CAN"]

1. d4 Nf6 2. c4 d6 3. Nc3 Nbd7 4. e4 e5 5. d5 Be7 6. Be3 O-O 7. f3 Nh5 8. Qd2
g6 9. O-O-O f5 10. Bd3 f4 11. Bf2 Bh4 12. Bxh4 Qxh4 13. Nh3 Nc5 14. Nf2 a5 15.
Bc2 Qe7 16. Nb5 Nf6 17. Nd3 Nxd3+ 18. Bxd3 Bd7 19. Nxc7 Rac8 20. Ne6 Bxe6 21.
dxe6 b6 22. Kb1 Nh5 23. Bc2 Rfd8 24. Ba4 Rxc4 25. Bd7 Rd4 26. Qf2 Rb4 27. a3
Rb3 28. Qc2 Re3 29. Qc6 Nf6 30. Qxb6 d5 31. exd5 Nxd7 32. exd7 Rxd7 33. d6 Qg5
34. Qb8+ Kg7 35. Qc8 Qf5+ 36. Ka1 Kh6 37. g4 Qf7 38. h4 Rxf3 39. Qh8 e4 40. Qe5
Rd3 41. Qxe4 Re3 42. Qd4 Re6 43. Qc3 f3 44. Rhf1 Rexd6 45. Rxd6 Rxd6 46. Qxf3
Qxf3 47. Rxf3 Rd4 48. Rg3 g5 49. h5 Kg7 50. Ka2 Rf4 51. Kb3 Kf6 52. Kc3 a4 53.
b3 Ke5 54. Re3+ Kd5 55. Rd3+ Ke5 56. Re3+ Kd5 57. Rd3+ Ke5 58. Re3+ 1/2-1/2

[Event "CAN-op"]
[Site "Windsor CAN"]
[Date "2016.07.11"]
[Round "2.18"]
[White "Li, Yinshi"]
[Black "Chernik, Dmitry"]
[Result "1-0"]
[WhiteElo "2198"]
[BlackElo "2096"]
[PlyCount "106"]
[EventDate "2016.07.10"]
[EventType "swiss"]
[EventRounds "9"]
[EventCountry "CAN"]

1. d4 d6 2. Nf3 Nd7 3. c4 e5 4. Nc3 f5 5. g3 e4 6. Nd2 Ngf6 7. Bg2 Be7 8. f3
exf3 9. Bxf3 O-O 10. O-O Ng4 11. Bxg4 fxg4 12. e4 Bf6 13. Nb3 Nb6 14. Qd3 Be6
15. Nd5 Nxd5 16. cxd5 Bd7 17. Bf4 g5 18. Bd2 a6 19. Qc2 Qe7 20. Rae1 Bg7 21.
Qxc7 Rxf1+ 22. Rxf1 Rc8 23. Qxb7 Qe8 24. Bc3 a5 25. Nd2 a4 26. a3 Bf8 27. e5
Rb8 28. Qc7 Rc8 29. Qb7 Rb8 30. Qc7 Rc8 31. Qa7 Ra8 32. Qb6 Rb8 33. Qa7 Ra8 34.
Qb6 Rb8 35. Qa5 Ra8 36. Ne4 Kg7 37. Qc7 Rc8 38. Qb7 Rb8 39. Qa7 Ra8 40. Qc7 Rc8
41. Qb7 Rb8 42. Qa6 Ra8 43. Qc4 Rc8 44. Qe2 Bb5 45. Qxg4 Bxf1 46. Nf6 Qg6 47.
Qxc8 Be2 48. Kf2 Bd1 49. Ke1 Bf3 50. Qd7+ Kh8 51. Qd8 Qb1+ 52. Kf2 Kg7 53. Qd7+
Kg6 1-0

[Event "CAN-op"]
[Site "Windsor CAN"]
[Date "2016.07.11"]
[Round "2.19"]
[White "Song, Sam"]
[Black "Fan, Run Kun"]
[Result "1/2-1/2"]
[WhiteElo "2316"]
[BlackElo "2074"]
[PlyCount "78"]
[EventDate "2016.07.10"]
[EventType "swiss"]
[EventRounds "9"]
[EventCountry "CAN"]

1. e4 d5 2. exd5 Qxd5 3. Nc3 Qa5 4. Bc4 Nf6 5. d3 Bf5 6. Nf3 e6 7. Bd2 c6 8.
Qe2 Bg4 9. h3 Bxf3 10. Qxf3 Nbd7 11. Qg3 Qe5+ 12. Qxe5 Nxe5 13. Bb3 g6 14.
O-O-O Bg7 15. f4 Ned7 16. g4 Nc5 17. Rde1 a5 18. Be3 Nxb3+ 19. axb3 Nd5 20.
Nxd5 cxd5 21. d4 f5 22. c3 Kd7 23. Kc2 Bf8 24. g5 Bd6 25. h4 h5 26. Ra1 b6 27.
Ra2 Rac8 28. Kd3 Rc7 29. Bd2 Rhc8 30. Rf1 Rc6 31. Ra4 R8c7 32. Re1 Rc8 33. Re2
R8c7 34. Re1 Rc8 35. Ra2 R8c7 36. Re2 Rc8 37. Ra1 R6c7 38. Rae1 Re8 39. Ra1
Rec8 1/2-1/2

[Event "CAN-op"]
[Site "Windsor CAN"]
[Date "2016.07.11"]
[Round "2.20"]
[White "Daniluk, Jim"]
[Black "Huang, Patrick"]
[Result "1/2-1/2"]
[WhiteElo "1963"]
[BlackElo "1992"]
[PlyCount "97"]
[EventDate "2016.07.10"]
[EventType "swiss"]
[EventRounds "9"]
[EventCountry "CAN"]

1. d4 Nf6 2. c4 c5 3. d5 b5 4. cxb5 a6 5. bxa6 Bxa6 6. Nc3 d6 7. g3 g6 8. Bg2
Bg7 9. Nf3 Nbd7 10. Rb1 O-O 11. O-O Nb6 12. b3 Bb7 13. e4 Ng4 14. Qc2 Nd7 15.
h3 Nge5 16. Nh4 Qa5 17. Rd1 Nf3+ 18. Nxf3 Qxc3 19. Qxc3 Bxc3 20. Bb2 Bxb2 21.
Rxb2 Ra3 22. Nd2 Rfa8 23. Ra1 Ba6 24. Bf1 f5 25. exf5 gxf5 26. Bxa6 R3xa6 27.
Nc4 Kf7 28. Re2 Nf6 29. Ne3 Kg6 30. g4 f4 31. Nf5 Nxd5 32. Rd1 f3 33. Nh4+ Kf7
34. Rc2 Nf4 35. a4 Nxh3+ 36. Kh2 Ng5 37. Rd3 Rg8 38. Nxf3 Ne4 39. Re2 Ng5 40.
Rde3 e5 41. Nxg5+ Rxg5 42. Kh3 h5 43. gxh5 Rxh5+ 44. Kg4 Rh8 45. f4 Rg8+ 46.
Kf5 c4 47. Rc3 cxb3 48. Rc7+ Kf8 49. Rc8+ 1/2-1/2

[Event "CAN-op"]
[Site "Windsor CAN"]
[Date "2016.07.11"]
[Round "2.21"]
[White "Profit, Brian"]
[Black "McNamara, Tanner"]
[Result "0-1"]
[WhiteElo "1989"]
[BlackElo "2047"]
[PlyCount "54"]
[EventDate "2016.07.10"]
[EventType "swiss"]
[EventRounds "9"]
[EventCountry "CAN"]

1. d4 d5 2. c4 c6 3. Nf3 Nf6 4. Qb3 dxc4 5. Qxc4 Be6 6. Qc2 g6 7. g3 Bg7 8. Bg2
O-O 9. O-O Na6 10. a3 Bf5 11. Qa4 Qb6 12. Nc3 Nd5 13. Nh4 Be6 14. Nxd5 Bxd5 15.
Bxd5 cxd5 16. e3 Rac8 17. Rb1 Rc4 18. b4 Nc7 19. Bd2 Nb5 20. Rfc1 Rfc8 21. Qb3
Nd6 22. f3 Bh6 23. Kf2 g5 24. Ng2 g4 25. fxg4 Ne4+ 26. Ke2 Nxd2 27. Kxd2 Qxd4+
0-1

[Event "CAN-op"]
[Site "Windsor CAN"]
[Date "2016.07.12"]
[Round "3.2"]
[White "Chaichi, Navid"]
[Black "Cherniaev, Alexander"]
[Result "1-0"]
[WhiteElo "2134"]
[BlackElo "2451"]
[PlyCount "99"]
[EventDate "2016.07.10"]
[EventType "swiss"]
[EventRounds "9"]
[EventCountry "CAN"]

1. e4 c5 2. Nf3 d6 3. d4 cxd4 4. Nxd4 Nf6 5. Nc3 g6 6. Be3 a6 7. f3 b5 8. a4 b4
9. Na2 e5 10. Nb3 d5 11. Bg5 Nbd7 12. exd5 Bb7 13. Qd2 Qb6 14. a5 Qd6 15. O-O-O
Rc8 16. Kb1 h6 17. Bh4 Nxd5 18. Bg3 Bg7 19. Bxa6 Qxa6 20. Nxb4 Nxb4 21. Qxd7+
Kf8 22. c3 Nd5 23. Nc5 Nxc3+ 24. bxc3 Qxa5 25. Nxb7 Qxc3 26. Qxc8+ Qxc8 27.
Rd8+ Ke7 28. Rxc8 Rxc8 29. Rc1 Rb8 30. Rc7+ Ke6 31. Kc2 Bf8 32. Na5 Ra8 33. Nc4
Ra2+ 34. Kd3 f6 35. Rc6+ Kf7 36. Ne3 h5 37. Nd5 Bg7 38. Rc7+ Kg8 39. Rc2 Ra4
40. Ne7+ Kh7 41. Bf2 Rb4 42. Nd5 Rb5 43. Kc4 Rb1 44. Nc3 Rh1 45. h3 Ra1 46. Bc5
Kg8 47. Kd5 h4 48. Bf2 Ra5+ 49. Kc6 g5 50. Ra2 1-0

[Event "CAN-op"]
[Site "Windsor CAN"]
[Date "2016.07.12"]
[Round "3.7"]
[White "Plotkin, Victor"]
[Black "Agbabishvili, Lali"]
[Result "1/2-1/2"]
[WhiteElo "2309"]
[BlackElo "2012"]
[PlyCount "199"]
[EventDate "2016.07.10"]
[EventType "swiss"]
[EventRounds "9"]
[EventCountry "CAN"]

1. e4 c5 2. c3 Nf6 3. e5 Nd5 4. d4 cxd4 5. Nf3 Nc6 6. Bc4 Nb6 7. Bb3 d6 8. exd6
Qxd6 9. Nxd4 Nxd4 10. cxd4 Be6 11. O-O Bxb3 12. Qxb3 Qd5 13. Qd3 e6 14. Nc3 Qd7
15. Rd1 Nd5 16. Qg3 f6 17. Nxd5 Qxd5 18. Be3 g5 19. Qc7 Qd7 20. Qc2 Bd6 21. Qe2
h5 22. Rac1 Kf7 23. Rc4 g4 24. Rdc1 Rac8 25. Qc2 Rxc4 26. Qxc4 a6 27. b3 f5 28.
d5 e5 29. Bb6 Qb5 30. Qxb5 axb5 31. Kf1 Ke7 32. Ke2 Kd7 33. Kd3 h4 34. h3 gxh3
35. gxh3 Rg8 36. Ke2 Rg6 37. a4 bxa4 38. bxa4 Bb8 39. Rb1 Bc7 40. Bc5 b6 41.
Be3 f4 42. Bd2 Rg2 43. Rb3 Rh2 44. Be1 e4 45. Rb4 e3 46. Kf3 Rxh3+ 47. Kg2 exf2
48. Bxf2 Rd3 49. Bxh4 Rxd5 50. Bf2 Kc6 51. Kf3 Rd3+ 52. Ke4 Ra3 53. Bxb6 Bxb6
54. Kxf4 Bc5 55. Rc4 Kd5 56. Rc2 Rxa4+ 57. Kf3 Ra3+ 58. Kf4 Bd6+ 59. Kf5 Rf3+
60. Kg4 Rf8 61. Rd2+ Ke6 62. Re2+ Be5 63. Ra2 Rg8+ 64. Kf3 Kf5 65. Ra5 Rg3+ 66.
Kf2 Rd3 67. Ke2 Rb3 68. Ra4 Bb2 69. Rh4 Bf6 70. Ra4 Ke5 71. Ra6 Kf5 72. Ra4 Bd8
73. Kd2 Bb6 74. Rh4 Ke5 75. Rh5+ Ke4 76. Rh4+ Kd5 77. Rh5+ Kc4 78. Ke2 Re3+ 79.
Kf1 Rg3 80. Ke2 Bc5 81. Rh4+ Bd4 82. Rh5 Re3+ 83. Kf1 Kd3 84. Kg2 Re2+ 85. Kf3
Rf2+ 86. Kg3 Rf7 87. Rg5 Ke3 88. Kg2 Ke2 89. Kg3 Be3 90. Rg6 Rf5 91. Kg4 Re5
92. Rg8 Kf2 93. Rf8+ Kg2 94. Rg8 Bd2 95. Rg6 Kf2 96. Rf6+ Ke3 97. Rd6 Bb4 98.
Rb6 Be7 99. Rg6 Bd8 100. Rg8 1/2-1/2